Literatura popular libertaria (Record no. 144389)

MARC details
000 -LEADER
campo de control de longitud fija 00789nam a2200217 4500
001 - NÚMERO DE CONTROL
campo de control 144389
003 - IDENTIFICADOR DE NÚMERO DE CONTROL
campo de control ES-MaACL
005 - FECHA Y HORA DE LA ÚLTIMA TRANSACCIÓN
campo de control 20250910063120.0
007 - CAMPO FIJO DE DESCRIPCIÓN FÍSICA--INFORMACIÓN GENERAL
campo de control de longitud fija t|
008 - DATOS DE LONGITUD FIJA--INFORMACIÓN GENERAL
campo de control de longitud fija 070214s1981 sp r ||||1| spa d
100 1# - ENTRADA PRINCIPAL--NOMBRE DE PERSONA
Nombre de persona Siguán, Marisa,
Fechas asociadas al nombre 1954-
9 (RLIN) 106314
245 10 - MENCIÓN DEL TÍTULO
Título Literatura popular libertaria
Resto del título : trece años de `La novela ideal` : (1925-1938) /
Mención de responsabilidad, etc. Marisa Siguán Boehmer ; prólogo de Joaquín Marco.
250 ## - MENCION DE EDICION
Mención de edición 1ª. ed.
260 ## - PUBLICACIÓN, DISTRIBUCIÓN, ETC.
Lugar de publicación, distribución, etc. Barcelona :
Nombre del editor, distribuidor, etc. Península,
Fecha de publicación, distribución, etc. 1981.
300 ## - DESCRIPCIÓN FÍSICA
Extensión 195 p. ;
Dimensiones 20 cm.
490 1# - MENCIÓN DE SERIE
Mención de serie Temas de historia y política contemporáneas ;
Designación de volumen o secuencia 12
700 1# - ENTRADA AGREGADA--NOMBRE PERSONAL
Nombre de persona Marco, Joaquín,
Fechas asociadas al nombre 1935-2020
9 (RLIN) 76466
830 0# - PUNTO DE ACCESO ADICIONAL DE SERIE-TÍTULO UNIFORME
Título uniforme Temas de historia y política contemporáneas ;
Designación de volumen o secuencia 12
9 (RLIN) 220667
852 ## - LOCALIZACIÓN
Ubicación ES-MaACL
Número de control de estantería L-2674
Sublocalización o colección R.102563
Holdings
Estatus retirado Estado de pérdida Estado de daño No para préstamo Biblioteca de origen Biblioteca actual Ubicación en estantería Fecha de adquisición Fuente de adquisición Total de préstamos Signatura topográfica completa Código de barras Visto por última vez Precio de reemplazo Tipo de ítem Koha
        Biblioteca del Ateneo de Madrid Biblioteca del Ateneo de Madrid Depósito 2 17/01/2008     L-2674 1150228 23/02/2023 23/02/2023 Libro impreso